[Event "BCF-ch Seniors 50"]
[Site "Hull"]
[Date "2018.08.01"]
[Round "4"]
[White "Connolly, Marcus PA"]
[Black "Towers, Nigel S"]
[Result "0-1"]
[WhiteElo "1830"]
[BlackElo "1834"]
[PlyCount "126"]
[EventDate "2018.07.29"]
[EventType "swiss"]
[EventRounds "7"]
[EventCountry "ENG"]
[SourceTitle "CBM 185 Extra"]
[Source "ChessBase"]
[SourceDate "2018.07.29"]
[SourceVersion "1"]
[SourceVersionDate "2018.07.29"]
[SourceQuality "1"]

1. f4 d6 2. Nf3 Bg4 3. e4 Nf6 4. d3 e6 5. Be2 d5 6. e5 Nfd7 7. d4 c5 8. c3 Nc6 9. 0-0 Be7 10. h3 Bxf3 11. Bxf3 cxd4 12. Kh2 Qb6 13. cxd4 Qxd4 14. Qe2 Qb6 15. Be3 Nd4 16. Qf2 Nxf3+ 17. gxf3 Bc5 18. Bxc5 Qxc5 19. Qg3 g6 20. Na3 Qb4 21. Rf2 Rc8 22. Rd1 Nb6 23. f5 exf5 24. e6 0-0 25. exf7+ Rxf7 26. Rfd2 Re8 27. Qf2 Rfe7 28. Kg1 Re6 29. Kf1 Qe7 30. h4 Re5 31. Rc1 Qb4 32. Rcd1 Qa4 33. Rc1 Qa6+ 34. Kg1 Re2 35. Rxe2 Qxe2 36. Qxe2 Rxe2 37. Rc7 Rxb2 38. Rxb7 Rxa2 39. Nb5 Nc4 40. Nxa7 d4 41. Rd7 d3 42. Rxd3 Rxa7 43. h5 Kg7 44. hxg6 hxg6 45. Kg2 Re7 46. Rc3 Ne3+ 47. Kg1 Kf6 48. Ra3 Re6 49. Kf2 Nc4 50. Ra4 Nb2 51. Ra3 g5 52. Rb3 Nc4 53. Rc3 Ne5 54. Ra3 Rd6 55. Rb3 Nd3+ 56. Kf1 Nf4 57. Kf2 Ke5 58. Rb5+ Rd5 59. Rb8 Kd4 60. Rc8 Kd3 61. Rg8 Kd2 62. Kf1 Ke3 63. Rxg5 Rd1# 0-1

[Event "BCF-ch Seniors"]
[Site "Aberystwyth"]
[Date "2014.08.01"]
[Round "7"]
[White "Ellison, Derek George"]
[Black "Connolly, Marcus PA"]
[Result "1-0"]
[WhiteElo "1955"]
[BlackElo "1874"]
[PlyCount "73"]
[EventDate "2014.07.26"]
[EventType "swiss"]
[EventRounds "7"]
[EventCountry "WLS"]
[SourceTitle "EXT 2017"]
[Source "ChessBase"]
[SourceDate "2016.10.25"]
[SourceVersion "1"]
[SourceVersionDate "2016.10.25"]
[SourceQuality "1"]

1. e4 c5 2. c3 Nf6 3. e5 Nd5 4. d4 cxd4 5. cxd4 d6 6. Nf3 Nc6 7. Nc3 Nxc3 8. bxc3 e6 9. Bd3 Be7 10. Qc2 h5 11. Qe2 d5 12. 0-0 g5 13. Nd2 Kd7 14. f4 Qg8 15. f5 Kc7 16. fxe6 Bxe6 17. Bf5 Rf8 18. Rb1 a6 19. Bd3 Bc8 20. Qd1 f5 21. Qb3 f4 22. Qb6+ Kd7 23. Nb3 f3 24. Rxf3 Rxf3 25. gxf3 Qf7 26. Nc5+ Bxc5 27. Qxc5 Rg8 28. Qd6+ Ke8 29. Be3 g4 30. f4 g3 31. h4 g2 32. Rb2 Qg7 33. Qxd5 Qg4 34. Be2 Qg6 35. Bxh5 Qxh5 36. Qxg8+ Ke7 37. Qg5+ 1-0

[Event "BCF-ch U160"]
[Site "Aberystwyth"]
[Date "2014.07.30"]
[Round "3"]
[White "Horlock, Peter J"]
[Black "Connolly, Marcus PA"]
[Result "1-0"]
[WhiteElo "148"]
[BlackElo "153"]
[PlyCount "85"]
[EventDate "2014.07.28"]
[EventType "swiss"]
[EventRounds "5"]
[EventCountry "WLS"]
[SourceTitle "EXT 2017"]
[Source "ChessBase"]
[SourceDate "2016.10.25"]
[SourceVersion "1"]
[SourceVersionDate "2016.10.25"]
[SourceQuality "1"]

1. e4 c5 2. Nf3 d6 3. d4 cxd4 4. Nxd4 Nf6 5. Nc3 g6 6. Bd3 Bg7 7. 0-0 0-0 8. h3 Nc6 9. Be3 Bd7 10. Nf3 a6 11. a3 b5 12. Qd2 Rc8 13. Bh6 Na5 14. Bxg7 Kxg7 15. Rfe1 Qc7 16. Nd5 Nxd5 17. exd5 e5 18. dxe6 Bxe6 19. Qf4 d5 20. Qd4+ Kg8 21. Ng5 Rce8 22. Qh4 h5 23. Bxg6 fxg6 24. Rxe6 Kg7 25. Rxe8 Rxe8 26. Qd4+ Qe5 27. Nf3 Qxd4 28. Nxd4 Re4 29. c3 Kf6 30. b4 Nc4 31. a4 g5 32. axb5 axb5 33. Ra6+ Kg7 34. f3 Re1+ 35. Kf2 Rc1 36. Nxb5 h4 37. Ra2 Kf6 38. g3 hxg3+ 39. Kxg3 Rg1+ 40. Kh2 Rc1 41. Kg3 Ke5 42. Rf2 Rg1+ 43. Kh2 1-0

[Event "Bedford e2e4 U2000"]
[Site "Bedford"]
[Date "2013.09.22"]
[Round "5"]
[White "Torrance, John"]
[Black "Connolly, Marcus PA"]
[Result "1/2-1/2"]
[WhiteElo "1666"]
[BlackElo "1800"]
[PlyCount "51"]
[EventDate "2013.09.20"]
[EventType "swiss"]
[EventRounds "5"]
[EventCountry "ENG"]
[SourceTitle "EXT 2023"]
[Source "ChessBase"]
[SourceDate "2022.10.05"]
[SourceVersion "1"]
[SourceVersionDate "2022.10.05"]
[SourceQuality "1"]

1. d4 f5 2. Nc3 Nf6 3. Bg5 c6 4. f3 d5 5. Bxf6 exf6 6. Qd3 Bb4 7. a3 Bxc3+ 8. Qxc3 0-0 9. 0-0-0 Re8 10. e3 a5 11. h4 a4 12. Nh3 Qa5 13. Re1 Qxc3 14. bxc3 Na6 15. Bd3 Nc7 16. Rhg1 Bd7 17. Kd2 b5 18. g4 fxg4 19. fxg4 Re7 20. Nf2 Rae8 21. e4 Be6 22. e5 fxe5 23. Rxe5 Bd7 24. Rxe7 Rxe7 25. g5 Ne8 26. Ng4 1/2-1/2

[Event "Bedford e2e4 U2000"]
[Site "Bedford"]
[Date "2013.09.21"]
[Round "2"]
[White "Connolly, Marcus PA"]
[Black "Bennett, Dominic"]
[Result "1/2-1/2"]
[WhiteElo "1800"]
[BlackElo "1988"]
[PlyCount "65"]
[EventDate "2013.09.20"]
[EventType "swiss"]
[EventRounds "5"]
[EventCountry "ENG"]
[SourceTitle "EXT 2023"]
[Source "ChessBase"]
[SourceDate "2022.10.05"]
[SourceVersion "1"]
[SourceVersionDate "2022.10.05"]
[SourceQuality "1"]

1. f4 d5 2. Nf3 g6 3. e3 Bg7 4. d4 Nf6 5. Bd3 0-0 6. Nbd2 b6 7. Qe2 Bb7 8. 0-0 c5 9. c3 a5 10. Ne5 Qc7 11. Qf3 Nbd7 12. Nxd7 Qxd7 13. h3 Ba6 14. Qe2 Qb7 15. Bxa6 Qxa6 16. Qxa6 Rxa6 17. g4 Rc8 18. g5 Nh5 19. Kg2 a4 20. a3 b5 21. dxc5 Rxc5 22. Nf3 Rc4 23. Nd4 Bxd4 24. exd4 Re6 25. Bd2 Ng7 26. Rae1 Rcc6 27. Re5 Rxe5 28. fxe5 Nf5 29. Kf3 Kg7 30. Kg4 Re6 31. Rf2 Ra6 32. h4 Ra8 33. Bf4 1/2-1/2

[Event "Bedford e2e4 U2000"]
[Site "Bedford"]
[Date "2013.09.21"]
[Round "3"]
[White "Sloan, Cecil"]
[Black "Connolly, Marcus PA"]
[Result "1/2-1/2"]
[WhiteElo "1690"]
[BlackElo "1800"]
[PlyCount "50"]
[EventDate "2013.09.20"]
[EventType "swiss"]
[EventRounds "5"]
[EventCountry "ENG"]
[SourceTitle "EXT 2023"]
[Source "ChessBase"]
[SourceDate "2022.10.05"]
[SourceVersion "1"]
[SourceVersionDate "2022.10.05"]
[SourceQuality "1"]

1. e4 c5 2. Nc3 Nc6 3. f4 d6 4. Nf3 g6 5. Bb5 Bg7 6. 0-0 e6 7. d3 Nge7 8. Qe1 0-0 9. Bxc6 Nxc6 10. Qf2 Qa5 11. Bd2 Nd4 12. Nd1 Nxf3+ 13. gxf3 Qd8 14. Bc3 f5 15. Bxg7 Kxg7 16. e5 b6 17. d4 cxd4 18. Qxd4 d5 19. Qf2 Ba6 20. Re1 Rc8 21. c3 Qe7 22. Ne3 Qc5 23. Nc2 Qxf2+ 24. Kxf2 Kf7 25. Nd4 Rc5 1/2-1/2